Antonio Guarino.

Guardat en:
Dades bibliogràfiques
Autor principal: Labruna, Luigi (autore)
Format: Llibre
Publicat: Napoli, Italia: Società Nazionale di Scienze, Lettere ed Arti, 2015.
Col·lecció:Profili e ricordi,
Matèries:
Etiquetes: Afegir etiqueta
Sense etiquetes, Sigues el primer a etiquetar aquest registre!

MARC

LEADER 00000nam a22000007a 4500
003 CL-VaPUC
005 20230810152016.0
008 220722t2015 ||||| |||| 00| 0 eng d
999 |c 437456  |d 437454 
040 |c Pontificia Universidad Católica de Valparaíso 
082 7 |a 340.09 LAB 2015  |2 22 
100 1 |a Labruna, Luigi   |e autore  |9 873749 
245 |a Antonio Guarino. 
260 |a Napoli, Italia:  |b Società Nazionale di Scienze, Lettere ed Arti,   |c 2015. 
300 |a 94 páginas  
490 |a Profili e ricordi,   |n  40. 
500 |a c.1 Donación Familia Prof. Alejandro Guzmán Brito. 
583 |c 20220722  |k Cristina María Rojas Aguilar 
600 |a Guarino, Antonio   |d 1914-2014  |x Derecho romano  |9 873750 
942 |2 ddc  |c BK  |n 0 
952 |0 0  |1 0  |2 ddc  |4 0  |6 340_090000000000000_LAB_2015  |7 1  |8 C_AGB  |9 585224  |a BIBDER  |b BIBDER  |d 2022-07-22  |e Donación   |i 5653200  |o 340.09 LAB 2015  |p 5653200  |r 2023-01-25  |t 1  |w 2022-07-22  |y BK_US  |k AGB